Electrical level one : (Record no. 45479)

MARC details
000 -LEADER
fixed length control field 01370cam a22003497a 4500
001 - CONTROL NUMBER
control field 16489610
005 - DATE AND TIME OF LATEST TRANSACTION
control field 20151208100526.0
008 - FIXED-LENGTH DATA ELEMENTS--GENERAL INFORMATION
fixed length control field 101005s2008 njua b 001 0 eng d
010 ## - LIBRARY OF CONGRESS CONTROL NUMBER
LC control number 2010484153
020 ## - INTERNATIONAL STANDARD BOOK NUMBER
International Standard Book Number 0136044603 (pbk.)
020 ## - INTERNATIONAL STANDARD BOOK NUMBER
International Standard Book Number 9780131682252 (pbk.)
035 ## - SYSTEM CONTROL NUMBER
System control number (OCoLC)ocn297811165
040 ## - CATALOGING SOURCE
Original cataloging agency YDXCP
Transcribing agency YDXCP
Modifying agency TXA
-- OCLCA
-- DLC
042 ## - AUTHENTICATION CODE
Authentication code lccopycat
050 00 - LIBRARY OF CONGRESS CALL NUMBER
Classification number TK165
Item number .E42 2005
082 00 - DEWEY DECIMAL CLASSIFICATION NUMBER
Classification number 621.3
Edition number 23
610 20 - SUBJECT ADDED ENTRY--CORPORATE NAME
Corporate name or jurisdiction name as entry element National Fire Protection Association.
245 00 - TITLE STATEMENT
Title Electrical level one :
Number of part/section of a work Level one.
Name of part/section of a work annotated instructor's guide.
250 ## - EDITION STATEMENT
Edition statement 2005 NEC revision.
260 ## - PUBLICATION, DISTRIBUTION, ETC. (IMPRINT)
Place of publication, distribution, etc Upper Saddle River, N.J. :
Name of publisher, distributor, etc Pearson/Prentice Hall,
Date of publication, distribution, etc c2005.
300 ## - PHYSICAL DESCRIPTION
Extent 1 v. (various pagings) :
Other physical details col. ill. ;
Dimensions 28 cm.
490 0# - SERIES STATEMENT
Series statement Contren learning series
500 ## - GENERAL NOTE
General note "National Center for Construction Education and Research."--Cover.
504 ## - BIBLIOGRAPHY, ETC. NOTE
Bibliography, etc Includes bibliographical references and index.
610 20 - SUBJECT ADDED ENTRY--CORPORATE NAME
Title of a work National Electrical Code (2005)
General subdivision Study and teaching.
650 #0 - SUBJECT ADDED ENTRY--TOPICAL TERM
Topical term or geographic name as entry element Electrical engineering
General subdivision Study and teaching.
650 #0 - SUBJECT ADDED ENTRY--TOPICAL TERM
Topical term or geographic name as entry element Electric wiring, Interior
General subdivision Study and teaching.
710 2# - ADDED ENTRY--CORPORATE NAME
Corporate name or jurisdiction name as entry element National Center for Construction Education and Research (U.S.)
906 ## - LOCAL DATA ELEMENT F, LDF (RLIN)
a 7
b cbc
c copycat
d 2
e ncip
f 20
g y-gencatlg
942 ## - ADDED ENTRY ELEMENTS (KOHA)
Source of classification or shelving scheme Library of Congress Classification
Item type Book
Holdings
Withdrawn status Lost status Source of classification or shelving scheme Damaged status Not for loan Collection code Home library Current library Shelving location Date acquired Source of acquisition Total Checkouts Full call number Barcode Date last borrowed Copy number Price effective from Koha item type
    Library of Congress Classification     Non-fiction Bishop Okullu Memorial Library (Limuru Campus) Bishop Okullu Memorial Library (Limuru Campus) General Circulation 08/12/2015 Donation 1 TK165 .E42 2005 045026 22/07/2019 1 08/12/2015 Book